000 01159nam0a22002411i 4500
001 rc\4473549
005 20240724170600.0
021 _aRU
_b[65-6632]
035 _a(NLR Aleph) 008330844
090 _a8816104
_c8816104
100 _a20130416d1965 |||y0rusy50 ca
101 0 _arus
102 _aRU
105 _ay d |||||
200 1 _aПеригляциальная и лессовая формация и инженерно-геологическое значение их выделения и изучения
_e(На примере района нижней Камы и Южного Таджикистана)
_eАвтореферат дис. на соискание учен. степени кандидата геол.-минерал. наук
_fВсесоюз. науч.-исслед. ин-т гидрогеологии и инж. геологии
210 _aМосква
_d1965
215 _a26 с.
320 _aСписок работ автора: с. 25-26 (16 назв.)
700 1 _aКрылков
_bЮ.В.
_gЮрий Васильевич
801 0 _aRU
_bNLR
_gpsbo
801 1 _aRU
_bELAR
_2rusmarc
852 _aNLR
_j65-4/3235
942 _cBOOK